01322nam a2200337 a 4500001001200000003000800012006001900020007001500039008004100054010001700095015001900112016001800131020002200149020002500171040002100196035002100217050002400238082001600262100003600278245011000314260004500424300001700469490003500486504006600521533015200587650003700739655002900776710001700805830003600822856012600858ebr10224915CaPaEBRm u cr cn|||||||||070320s2006 enk sb 001 0 eng  z 2007272777 aGBA6464942bnb7 z0134646702Uk z0826491502 (hbk.) z9780826491503 (hbk.) aCaPaEBRcCaPaEBR a(OCoLC)65939202914aBV1464b.H32 2006eb04a207.5012221 aHand, Michaelq(Michael Robert)10aIs religious education possible?h[electronic resource] :ba philosophical investigation /cMichael Hand. aLondon ;aNew York :bContinuum,cc2006. aviii, 160 p.1 aContinuum studies in education aIncludes bibliographical references (p. [155]-158) and index. aElectronic reproduction.bPalo Alto, Calif. :cebrary,d2013.nAvailable via World Wide Web.nAccess may be limited to ebrary affiliated libraries. 0aReligious educationxPhilosophy. 7aElectronic books.2local2 aebrary, Inc. 0aContinuum studies in education.40uhttp://site.ebrary.com/lib/rucke/Doc?id=10224915zAn electronic book accessible through the World Wide Web; click to view